<?xml version="1.0" encoding="UTF-8"?>
<record
    xmlns:xsi="http://www.w3.org/2001/XMLSchema-instance"
    xsi:schemaLocation="http://www.loc.gov/MARC21/slim http://www.loc.gov/standards/marcxml/schema/MARC21slim.xsd"
    xmlns="http://www.loc.gov/MARC21/slim">

  <leader>01487nam a2200277   4500</leader>
  <controlfield tag="001">113305</controlfield>
  <controlfield tag="003">DR-UNIBE</controlfield>
  <controlfield tag="005">20250313100735.0</controlfield>
  <controlfield tag="008">250307b2013    xxu||||| |||| 00| 0 eng d</controlfield>
  <datafield tag="020" ind1=" " ind2=" ">
    <subfield code="a">9780985550820</subfield>
  </datafield>
  <datafield tag="040" ind1=" " ind2=" ">
    <subfield code="a">BIBLIOTECA UNIBE</subfield>
    <subfield code="c">BIBLIOTECA UNIBE</subfield>
    <subfield code="e">rda</subfield>
    <subfield code="b">spa</subfield>
  </datafield>
  <datafield tag="041" ind1=" " ind2=" ">
    <subfield code="h">eng</subfield>
  </datafield>
  <datafield tag="082" ind1=" " ind2=" ">
    <subfield code="2">22</subfield>
    <subfield code="a">302.231 P173d</subfield>
  </datafield>
  <datafield tag="100" ind1="1" ind2="0">
    <subfield code="a">Palmer, Shelly,</subfield>
    <subfield code="d">1956-</subfield>
    <subfield code="9">192734</subfield>
    <subfield code="e">autor</subfield>
  </datafield>
  <datafield tag="245" ind1="1" ind2="0">
    <subfield code="a">Digital wisdom : thought leadership for a connected world / </subfield>
    <subfield code="c">Shelly Palmer</subfield>
  </datafield>
  <datafield tag="250" ind1=" " ind2=" ">
    <subfield code="a">Primera edicion</subfield>
  </datafield>
  <datafield tag="260" ind1=" " ind2=" ">
    <subfield code="a">New York : </subfield>
    <subfield code="b">York House Press,</subfield>
    <subfield code="c">2013</subfield>
  </datafield>
  <datafield tag="300" ind1=" " ind2=" ">
    <subfield code="a">xvii, 133 p&#xE1;ginas :</subfield>
    <subfield code="b">ilustraciones b/n ;</subfield>
    <subfield code="c">22 x 15 cm</subfield>
  </datafield>
  <datafield tag="500" ind1=" " ind2=" ">
    <subfield code="a">Comentarios sobre la obra al inico y contraportada</subfield>
  </datafield>
  <datafield tag="505" ind1=" " ind2=" ">
    <subfield code="a">Acknowledgments |
About the Author |
Why Aspiring Digital Leaders Should Read this Book |
Introduction |
Connected no Connected |
 The World is Changing Faster than You Think |
Traditional and New Media |
Understanding Social Media |
Customer Services in a Connected World |
Truthiness, Wikiality, Truth, Facts |
What Does it Mean to Own Something in the 21-st Century ?|
Cyber-Security and Cyber-Warfare |
 Digital Leaders and a 21st-Centurt Workforce |
Science, Technology, Engineering and Math Really Matter |
Conclusion 
</subfield>
  </datafield>
  <datafield tag="650" ind1="7" ind2="0">
    <subfield code="a">comunicacion digital</subfield>
    <subfield code="9">35628</subfield>
  </datafield>
  <datafield tag="650" ind1="7" ind2="0">
    <subfield code="2">lemb</subfield>
    <subfield code="a">Realidad virtual</subfield>
    <subfield code="9">43209</subfield>
  </datafield>
  <datafield tag="700" ind1=" " ind2=" ">
    <subfield code="a">Pruitt, Annelise</subfield>
    <subfield code="9">192735</subfield>
    <subfield code="e">dise&#xF1;ador de cubierta</subfield>
  </datafield>
  <datafield tag="700" ind1=" " ind2=" ">
    <subfield code="a">Lawlor, Lisa</subfield>
    <subfield code="9">192736</subfield>
    <subfield code="e">dise&#xF1;ador del libro</subfield>
  </datafield>
  <datafield tag="942" ind1=" " ind2=" ">
    <subfield code="2">ddc</subfield>
    <subfield code="c">BK</subfield>
  </datafield>
  <datafield tag="999" ind1=" " ind2=" ">
    <subfield code="c">113305</subfield>
    <subfield code="d">113305</subfield>
  </datafield>
  <datafield tag="952" ind1=" " ind2=" ">
    <subfield code="0">0</subfield>
    <subfield code="1">0</subfield>
    <subfield code="2">ddc</subfield>
    <subfield code="7">0</subfield>
    <subfield code="8">GEN</subfield>
    <subfield code="a">Principal</subfield>
    <subfield code="d">2025-03-07</subfield>
    <subfield code="l">0</subfield>
    <subfield code="o">302.231 P173d</subfield>
    <subfield code="p">250104</subfield>
    <subfield code="r">2025-03-07 15:07:01</subfield>
    <subfield code="t">Ej. 1</subfield>
    <subfield code="w">2025-03-07</subfield>
    <subfield code="y">BK</subfield>
  </datafield>
</record>
